Gaming Quiz

Random Gaming or Pokémon Quiz

Mistyped Pokemon Moves: Dark Quiz Stats

 Plays Quiz not verified by Sporcle

Challenge
Share
Tweet
Embed
Score 0/29 Timer 12:00
0 Plays Today
Pokemon % Correct
Rattata, Arbok, Nidoran♀, Growlithe, Kangaskhan, Gyarados, Aerodactyl, Snorlax, Totodile, Girafarig, Steelix, Snubbull, Raikou, Exploud, Mawile, Trapinch, Seviper, Snorunt...Crunch
96.5%
Squirtle, Rattata, Ekans, Nidoran♀, Zubat, Meowth, Growlithe, Kangaskhan, Gyarados, Vaporeon, Omanyte, Aerodactyl, Totodile, Snubbull, Raikou, Entei, Suicune, Loudred, Mawile...Bite
93%
Gastly, Lucario, Tornadus, Thundurus, ClawitzerDark Pulse
91.9%
Dugtrio, Meowth, Farfetch'd, Scyther, Kabutops, Heracross, Skarmory, Sceptile, Seviper, Kricketune, Yanmega, Gallade, Cryogonal, Druddigon, Honedge, Binacle, Xerneas, Kartana...Night Slash
81.4%
Ninetales, Meowth, Drowzee, Mew, Pichu, Aipom, Slowking, Girafarig, Plusle, Minun, Chimchar, Riolu, Croagunk, Porygon-Z, Azelf, Patrat, Thundurus, Rowlet, Salandit, OranguruNasty Plot
77.9%
Beedrill, Rattata, Spearow, Mankey, Doduo, Hitmonchan, Scyther, Tauros, Yanma, Dunsparce, Treecko, Wingull, Zangoose, Duskull, Metang, Deoxys, Cranidos, Vespiquen, Buizel...Pursuit
74.4%
Meowth, Mawile, Zangoose, Deoxys, Chimchar, Kricketune, Shieldon, Chatot, Croagunk, Panpour, Pidove, Darumaka, Vanillite, Axew, Lycanroc, Oranguru, Pyukumuku, BuzzwoleTaunt
73.3%
Rattata, Diglett, Gastly, Kangaskhan, Sentret, Spinarak, Sudowoodo, Mawile, Spinda, Kecleon, Shuppet, Huntail, Wormadam, Glameow, Croagunk, Maractus, Joltik, Furfrou, Meowstic...Sucker Punch
72.1%
Jynx, Teddiursa, Mawile, Plusle, Minun, Bonsly, Gothita, SwirlixFake Tears
70.9%
Vulpix, Meowth, Magmar, Sudowoodo, Gligar, Teddiursa, Slakoth, Mawile, Spinda, Trapinch, Kecleon, Shuppet, Huntail, Glameow, Bronzor, Croagunk, Carnivine, Dwebble, Gothita...Feint Attack
68.6%
Lombre, KecleonThief
68.6%
Chimchar, Pansage, Klefki, SalazzleTorment
68.6%
Beedrill, Rattata, Spearow, Meowth, Mankey, Koffing, Girafarig, Donphan, Cranidos, Tepig, Woobat, Axew, MarshadowAssurance
67.4%
Machop, Bellsprout, Farfetch'd, Lickitung, Tangela, Gligar, Donphan, Lombre, Makuhita, Shuppet, Deoxys, RegigigasKnock Off
67.4%
StuffulBrutal Swing
65.1%
Pokemon % Correct
Wishiwashi, PassimianBeat Up
64%
Nidoran♀, Nidoran♂, Illumise, Croagunk, Gothita, Tapu LeleFlatter
62.8%
Grimer, Koffing, Hoppip, Latios, Uxie, Litwick, PyukumukuMemento
60.5%
Mankey, Lugia, Ho-Oh, Slaking, Infernape, Arceus, Landorus, Type: NullPunishment
60.5%
Primeape, Grimer, Cubone, Chansey, Aipom, Teddiursa, Zigzagoon, Pelipper, Slaking, Munchlax, Pansage, Pansear, Panpour, Hawlucha, PassimianFling
57%
Klefki, OranguruFoul Play
55.8%
LunalaNight Daze
54.7%
Persian, Hypno, Linoone, Minun, Delphox, DhelmiseSwitcheroo
54.7%
Zangoose, Lunatone, Solrock, Shuppet, Porygon-Z, GothitaEmbargo
52.3%
Zangoose, Glameow, Drilbur, Druddigon, Rufflet, Heatmor, Binacle, Hawlucha, MimikyuHone Claws
52.3%
Vulpix, Gastly, Tauros, Misdreavus, Pineco, Snubbull, Pelipper, Spoink, Duskull, Drifloon, Bronzor, Regigigas, Ferroseed, Crabrawler, StuffulPayback
52.3%
Shuppet, Deoxys, Munchlax, Solosis, HeatmorSnatch
48.8%
SilvallyParting Shot
46.5%
OranguruQuash
39.5%

You're not logged in!

Compare scores with friends on all Sporcle quizzes.
OR
Log In

You Might Also Like...

Show Comments

Extras

Top Quizzes Today


Score Distribution

Your Account Isn't Verified!

In order to create a playlist on Sporcle, you need to verify the email address you used during registration. Go to your Sporcle Settings to finish the process.

Report this User

Report this user for behavior that violates our Community Guidelines.

Details: